<?xml version="1.0" encoding="UTF-8"?>
<record
    xmlns:xsi="http://www.w3.org/2001/XMLSchema-instance"
    xsi:schemaLocation="http://www.loc.gov/MARC21/slim http://www.loc.gov/standards/marcxml/schema/MARC21slim.xsd"
    xmlns="http://www.loc.gov/MARC21/slim">

  <leader>03192nam a2200445Ii 4500</leader>
  <controlfield tag="001">DIGIBE0427</controlfield>
  <controlfield tag="003">NyNyDIG</controlfield>
  <controlfield tag="006">m     o  d        </controlfield>
  <controlfield tag="007">cr |||||||||||</controlfield>
  <controlfield tag="008">130201s2010    sp a    ob    000 0 spa d</controlfield>
  <datafield tag="020" ind1=" " ind2=" ">
    <subfield code="a">9783865278265</subfield>
    <subfield code="q">(eBook)</subfield>
  </datafield>
  <datafield tag="020" ind1=" " ind2=" ">
    <subfield code="z">9788484894919</subfield>
    <subfield code="q">(Iberoamericana) </subfield>
  </datafield>
  <datafield tag="020" ind1=" " ind2=" ">
    <subfield code="z">8484894916</subfield>
    <subfield code="q">(Iberoamericana) </subfield>
  </datafield>
  <datafield tag="020" ind1=" " ind2=" ">
    <subfield code="z">3865275346</subfield>
    <subfield code="q">(Vervuert) </subfield>
  </datafield>
  <datafield tag="020" ind1=" " ind2=" ">
    <subfield code="z">9783865275349</subfield>
    <subfield code="q">(Vervuert)</subfield>
  </datafield>
  <datafield tag="035" ind1=" " ind2=" ">
    <subfield code="a">(OCoLC)843455125</subfield>
  </datafield>
  <datafield tag="040" ind1=" " ind2=" ">
    <subfield code="a">DGITA</subfield>
    <subfield code="b">eng</subfield>
    <subfield code="e">pn</subfield>
    <subfield code="c">DGITA</subfield>
  </datafield>
  <datafield tag="043" ind1=" " ind2=" ">
    <subfield code="a">cl-----</subfield>
  </datafield>
  <datafield tag="050" ind1="1" ind2="4">
    <subfield code="a">PQ7081 eBook</subfield>
  </datafield>
  <datafield tag="245" ind1="0" ind2="0">
    <subfield code="a">Entre hombres :</subfield>
    <subfield code="b">masculinidades del siglo XIX en Am&#xE9;rica Latina /</subfield>
    <subfield code="c">Anna Puluffo, Ignacio M. S&#xE1;nchez Prado (eds.)</subfield>
  </datafield>
  <datafield tag="264" ind1=" " ind2="1">
    <subfield code="a">Madrid :</subfield>
    <subfield code="b">Iberoamericana ;</subfield>
    <subfield code="a">Frankfurt am Main :</subfield>
    <subfield code="b">Vervuert,</subfield>
    <subfield code="c">2010.</subfield>
  </datafield>
  <datafield tag="300" ind1=" " ind2=" ">
    <subfield code="a">1 online resource (335 pages) :</subfield>
    <subfield code="b">ill.</subfield>
  </datafield>
  <datafield tag="336" ind1=" " ind2=" ">
    <subfield code="a">text</subfield>
    <subfield code="b">txt</subfield>
    <subfield code="2">rdacontent</subfield>
  </datafield>
  <datafield tag="337" ind1=" " ind2=" ">
    <subfield code="a">computer</subfield>
    <subfield code="b">c</subfield>
    <subfield code="2">rdamedia</subfield>
  </datafield>
  <datafield tag="338" ind1=" " ind2=" ">
    <subfield code="a">online resource</subfield>
    <subfield code="b">cr</subfield>
    <subfield code="2">rdacarrier</subfield>
  </datafield>
  <datafield tag="490" ind1="1" ind2=" ">
    <subfield code="a">Colecci&#xF3;n Nexos y diferencias ;</subfield>
    <subfield code="v">27.</subfield>
  </datafield>
  <datafield tag="504" ind1=" " ind2=" ">
    <subfield code="a">Includes bibliographical references.</subfield>
  </datafield>
  <datafield tag="505" ind1="0" ind2=" ">
    <subfield code="a">Introducci&#xF3;n / Ana Peluffo, Ignacio M. S&#xE1;nchez Prado -- H&#xE9;roes nacionales, Estado viril y sensibilidades homoer&#xF3;ticas / Beatriz Gonz&#xE1;lez Stephan -- Masculinidades coleccionistas: pol&#xED;ticas del cuerpo en la frontera, Argentina y Brasil, c. 1880 / &#xC1;lvaro Fern&#xE1;ndez Bravo -- El retorno de los primitivo: aventura y masculinidad / Gabriela Nouzeilles -- Asociaciones afectivas: literatura y pol&#xED;tica en la Argentina del siglo XIX o "c&#xF3;mo ser europeo en Am&#xE9;rica" / Eva-Lynn Alicia Jagoe -- Hombres de la multitud y hombres de genio en el fin-de-si&#xE8;cle / Graciela Montaldo -- De Fulano a dandi: escenario, performance y masculinidad en Pot pourri (silbidos de un vago) de Eugenio Cambaceres / Claudia Darrigrandi -- Telas raras, turbantes inversos&#xED;miles: posando en el Barrio Chino de la escritura modernista / Francisco Mor&#xE1;n -- El enigma del pollo -- apuntes para una prehistoria de la homosexualidad mexicana / Christopher Conway -- Homoerotismo y naci&#xF3;n latinoamericana -- patrones del M&#xE9;xico decimon&#xF3;nico / Robert McKee Irwin -- Hombres que leyeron a Verlaine / Jos&#xE9; Ricardo Chaves -- Bom-crioulo de Adolfo Caminha: un texto fundacional de la literatura gay brasile&#xF1;a / David William Foster -- Sentimentalidad y g&#xE9;nero: notas para una lectura de Nervo / Sylvia Molloy -- Naci&#xF3;n y castraci&#xF3;n: el bachiller de Amado Nervo / Ignacio M. S&#xE1;nchez Prado -- De la paternidad republicana y la fetichizaci&#xF3;n de la infancia en Jos&#xE9; Mart&#xED; / Ana Peluffo -- Masculinidad rechazada: el artista recluido y no productivo en Dar&#xED;o y Silva / Kelly Comfort.</subfield>
  </datafield>
  <datafield tag="650" ind1=" " ind2="0">
    <subfield code="a">Latin American literature</subfield>
    <subfield code="y">19th century</subfield>
    <subfield code="x">History and criticism.</subfield>
  </datafield>
  <datafield tag="650" ind1=" " ind2="0">
    <subfield code="a">Masculinity in literature.</subfield>
  </datafield>
  <datafield tag="655" ind1=" " ind2="0">
    <subfield code="a">Electronic books.</subfield>
  </datafield>
  <datafield tag="700" ind1="1" ind2=" ">
    <subfield code="a">Peluffo, Ana.</subfield>
  </datafield>
  <datafield tag="700" ind1="1" ind2=" ">
    <subfield code="a">S&#xE1;nchez Prado, Ignacio M.,</subfield>
    <subfield code="d">1979-</subfield>
  </datafield>
  <datafield tag="791" ind1="2" ind2=" ">
    <subfield code="a">Digitalia (Firm),</subfield>
    <subfield code="e">distributor.</subfield>
  </datafield>
  <datafield tag="830" ind1=" " ind2="0">
    <subfield code="a">Colecci&#xF3;n Nexos y diferencias ;</subfield>
    <subfield code="v">no. 27.</subfield>
  </datafield>
  <datafield tag="793" ind1="0" ind2=" ">
    <subfield code="g">Digitalia eBook Collection:</subfield>
    <subfield code="a">Iberoamericana/Vervuert.</subfield>
  </datafield>
  <datafield tag="856" ind1="4" ind2="0">
    <subfield code="3">Digitalia Hisp&#xE1;nica</subfield>
    <subfield code="u">https://www.digitaliapublishing.com/a/17710/</subfield>
  </datafield>
  <datafield tag="910" ind1=" " ind2=" ">
    <subfield code="a">Premium Collection: 2007-2012</subfield>
  </datafield>
  <datafield tag="942" ind1=" " ind2=" ">
    <subfield code="c">RAA</subfield>
  </datafield>
  <datafield tag="952" ind1=" " ind2=" ">
    <subfield code="0">0</subfield>
    <subfield code="1">0</subfield>
    <subfield code="4">0</subfield>
    <subfield code="7">0</subfield>
    <subfield code="8">DEH</subfield>
    <subfield code="a">BD-UIN</subfield>
    <subfield code="b">BD-UIN</subfield>
    <subfield code="d">2025-04-25</subfield>
    <subfield code="l">0</subfield>
    <subfield code="r">2025-04-25</subfield>
    <subfield code="w">2025-04-25</subfield>
    <subfield code="y">RAA</subfield>
  </datafield>
  <datafield tag="999" ind1=" " ind2=" ">
    <subfield code="c">235529</subfield>
    <subfield code="d">235529</subfield>
  </datafield>
</record>
